[Event "JUG-ch"]
[Site "Novi Sad"]
[Date "1985.??.??"]
[Round "?"]
[White "Rukavina, Josip"]
[Black "Cvitan, Ognjen"]
[Result "1/2-1/2"]
[WhiteElo "2470"]
[BlackElo "2465"]

1.Nf3 Nf6 2.c4 e6 3.d4 b6 4.Nc3 Bb7 5.e3 d5 6.Be2 Bd6 7.O-O O-O 8.b3 a6 9.Bb2 Nbd7
10.Qc2 Qe7 11.Rad1 Rac8 12.Qb1 c5  1/2-1/2

[Event "JUG-ch"]
[Site "Novi Sad"]
[Date "1985.??.??"]
[Round "?"]
[White "Barlov, Dragan"]
[Black "Kobas, Adnan"]
[Result "1-0"]
[WhiteElo "2430"]
[BlackElo "2320"]

1.d4 Nf6 2.c4 e6 3.Nf3 b6 4.Nc3 Bb7 5.a3 d5 6.cxd5 exd5 7.g3 Be7 8.Bg2 O-O
9.O-O Na6 10.Bf4 c5 11.Rc1 Nc7 12.Qa4 Ne6 13.Be5 Nd7 14.Rfd1 Nxe5 15.dxe5 d4
16.e3 a6 17.Nxd4 cxd4 18.Bxb7 Nc5 19.Qxd4 Qxd4 20.Rxd4 Nxb7 21.Rd7 Na5 22.Rxe7 Nc6
23.Rb7 b5 24.e6 fxe6 25.Rb6 Ne5 26.Rxe6 Nd3 27.Rc2 Rfc8 28.Re7 Nxb2 29.Rxb2 Rxc3
30.Rd2 Rxa3 31.Rdd7 g6 32.Rg7+ Kh8 33.Rxh7+ Kg8 34.Rdg7+ Kf8 35.Rb7 Kg8 36.Rhg7+ Kh8
37.Rxg6 Rf8 38.Rgg7 Rf6 39.Rgc7 Kg8 40.Rc8+ Rf8  1-0

[Event "Oslo"]
[Site "Oslo"]
[Date "1985.??.??"]
[Round "?"]
[White "Renman, Nils Gustaf"]
[Black "Bator, Robert"]
[Result "1/2-1/2"]
[WhiteElo "2425"]
[BlackElo "2380"]

1.d4 Nf6 2.Nf3 e6 3.c4 b6 4.Nc3 Bb7 5.a3 d5 6.cxd5 exd5 7.g3 Be7 8.Bg2 O-O
9.O-O c5 10.Bg5 Na6 11.Rc1 Qd7 12.Re1 h6 13.Ne5 Qe6 14.Bxf6 Bxf6 15.e4 dxe4
16.Nxe4 Bxe5 17.dxe5 Rad8 18.Qh5 Ba8 19.Rcd1 Rd4 20.Qe2 Rxd1 21.Rxd1 Qxe5
22.Qxa6 Bxe4 23.Qe2 Re8 24.Re1 f5 25.Qb5 Kh7 26.Bxe4 fxe4 27.Qc6 Re7 28.b3 g6
29.a4 Qf5 30.Re2 h5 31.h4 Qf3 32.Re3 Qd1+ 33.Kg2 Qc2 34.Qf6 Rd7 35.g4 Qd1
36.Rxe4 hxg4 37.Re7+ Rxe7 38.Qxe7+ Kg8 39.Qe6+ Kg7 40.Qe7+  1/2-1/2

[Event "Oslo"]
[Site "Oslo"]
[Date "1985.??.??"]
[Round "?"]
[White "Ostenstad, Berge"]
[Black "Grotnes, Nils"]
[Result "1-0"]
[WhiteElo "2330"]
[BlackElo "2260"]

1.d4 Nf6 2.c4 e6 3.Nf3 b6 4.Nc3 Bb7 5.Bf4 Bb4 6.Qb3 a5 7.e3 Ne4 8.Bd3 Bxc3+
9.bxc3 d6 10.O-O Nd7 11.Qc2 f5 12.Nd2 Nxd2 13.Qxd2 e5 14.Bg3 e4 15.Be2 O-O
16.Rab1 Bc6 17.Rb3 Qe7 18.c5 bxc5 19.Rfb1 cxd4 20.cxd4 Nb6 21.Rc3 Bd5 22.Rbc1 Ra7
23.h4 Rb8 24.Qc2 Rbb7 25.Ra3 Qe6 26.Bb5 g6 27.Qc3 Bxa2 28.Bc6 Rb8 29.Rxa5 Rxa5
30.Qxa5 Rf8 31.Bf4 Bd5 32.Bh6 Rc8 33.Bb5 Ra8 34.Qc3 Ra7 35.Ra1 Ba2 36.Qb2 Qd5
37.Be2 Ra8 38.Bd1 Nc4 39.Qc2 Qa5 40.Be2 d5 41.Bf4 Qd2 42.Qxd2 Nxd2 43.Bxc7 Nb3
44.Re1 Rc8 45.Bd6 Rc1 46.Rxc1 Nxc1 47.Bb5 Bc4 48.Bd7 Ne2+ 49.Kh2 h5 50.Be8 Kh7
51.Be5 Ba6 52.Bd7 Bc4 53.g3 Nc1 54.Bc7 Kg7 55.Be8 Nd3 56.Kg1 Ba6 57.Bc6 Bc4
58.Ba5 Kf7 59.Kg2 Ke7 60.f3 exf3+ 61.Kxf3 Kf7 62.Ba8 Ke7 63.Bc6 Kf7 64.Bd8 Ne1+
65.Kf4 Ng2+ 66.Ke5 Nxe3 67.Bg5 Ng4+ 68.Kd6 Nf6 69.Bf4 Bb3 70.Bb7 Ne8+ 71.Ke5 Nc7
72.Bc8 Bc4 73.Bg5 Kg7 74.Bf6+ Kh7 75.Bd7 Nb5 76.Ke6 Nc3 77.Kf7 Ne4 78.Be5 Nf2
79.Be6 Ng4 80.Bf4 Bb3 81.Kf8 Nh6 82.Ke7 Ng8+ 83.Kf8 Nh6 84.Bxh6 Kxh6 85.Kf7 Bc2
86.Kf6 Be4 87.Bf7 Bb1 88.Bxd5  1-0

[Event "SVK-ch"]
[Site "Piestany"]
[Date "1985.??.??"]
[Round "1"]
[White "Majzlan, Igor"]
[Black "Biro, Karol"]
[Result "0-1"]
[WhiteElo "2200"]
[BlackElo "2200"]

1.d4 Nf6 2.Nf3 e6 3.c4 b6 4.Nc3 Bb4 5.Qc2 Bb7 6.a3 Be7 7.e4 d6 8.Bd3 Nbd7
9.O-O c5 10.d5 e5 11.Ne1 a6 12.Ne2 O-O 13.g3 Ne8 14.f4 Bf6 15.Nf3 b5 16.cxb5 Qb6
17.Be3 axb5 18.Nd2 Ba6 19.f5 Qd8 20.Nc3 c4 21.Be2 Bg5 22.Bf2 Nc5 23.b4 cxb3
24.Nxb3 Na4 25.Na2 Rc8 26.Qd3 Nc5 27.Qc2 Na4 28.Qd3 Nf6 29.Nb4 Bb7 30.Qxb5 Nc3
31.Qxb7 Nxe2+ 32.Kg2 Nxe4 33.Nc6 Qf6 34.h4 Bxh4 35.gxh4 Rxc6 36.dxc6 Qxf5
37.Bg3 Qg4 38.Rf3 N2xg3 39.Qd7 Nf5+ 40.Kh2 Qxf3 41.Qxf5  0-1

[Event "SVK-ch"]
[Site "Piestany"]
[Date "1985.??.??"]
[Round "8"]
[White "Majzlan, Igor"]
[Black "Sukuba, Zdenek"]
[Result "1-0"]
[WhiteElo "2200"]
[BlackElo "2200"]

1.d4 Nf6 2.Nf3 e6 3.c4 b6 4.Nc3 Bb7 5.a3 d5 6.cxd5 Nxd5 7.Qc2 Nd7 8.Nxd5 exd5
9.Bg5 f6 10.Bf4 Bd6 11.Bxd6 cxd6 12.e3 Rc8 13.Qb1 Nb8 14.Bd3 g6 15.h4 Kf7
16.h5 f5 17.Rh3 Qf6 18.Kd2 Nd7 19.Ne1 Nf8 20.Rf3 Kg7 21.g4 Ne6 22.hxg6 hxg6
23.gxf5 Ng5 24.Rg3 Rh6 25.Qd1 Ne4+ 26.Bxe4 dxe4 27.Qg4 Rf8 28.Rc1 Qxf5 29.Rc7+ Rf7
30.Qxf5 Rxc7 31.Qe6 Rf7 32.Rg2 Rf6 33.Qe7+ Rf7 34.Qxd6 Ba6 35.Qe5+ Kg8 36.Qxe4 Kh7
37.Qe6 Rg7 38.Nf3 Bb7 39.Ng5+ Kh8 40.Qe8+ Rg8 41.Qe5+  1-0

[Event "DSV-Turnier"]
[Site "Potsdam"]
[Date "1985.??.??"]
[Round "2"]
[White "Chekhov, Valery A"]
[Black "Gruenberg, Hans Ulrich"]
[Result "1-0"]
[WhiteElo "2495"]
[BlackElo "2455"]

1.d4 Nf6 2.c4 e6 3.Nf3 b6 4.Nc3 Bb4 5.Qb3 a5 6.g3 Nc6 7.Bg2 a4 8.Qc2 a3 9.bxa3 Bxa3
10.Bxa3 Rxa3 11.O-O O-O 12.Rfd1 d6 13.e4 Qe7 14.d5 Nd8 15.Qb2 Rxc3 16.Qxc3 Nxe4
17.Qe3 Nc5 18.Nd4 Ba6 19.Rac1 e5 20.f4 Re8 21.fxe5 dxe5 22.d6 Qxd6 23.Nc6 Qf6
24.Nxd8 Rxd8 25.Qxe5 Rc8 26.Qxf6 gxf6 27.Rd4 Re8 28.Rf1 Re6 29.Bd5 Rd6 30.Re1 Kf8
31.Rh4 c6 32.Bg2 Kg7 33.Bh3 Rd2  1-0

[Event "DSV-Turnier"]
[Site "Potsdam"]
[Date "1985.??.??"]
[Round "7"]
[White "Garcia Gonzales, Guillermo"]
[Black "Agzamov, Georgy"]
[Result "1/2-1/2"]
[WhiteElo "2440"]
[BlackElo "2590"]

1.d4 Nf6 2.c4 e6 3.Nf3 b6 4.Nc3 Bb7 5.a3 d5 6.cxd5 exd5 7.Bf4 Be7 8.h3 O-O
9.e3 c6 10.Bd3 Nbd7 11.O-O Re8 12.Re1 Nf8 13.Ne5 Ng6 14.Nxg6 hxg6 15.Qf3 Nh5
16.Be5 Bd6 17.g4 Nf6 18.Qg3 Be7 19.Rad1 Nd7 20.Bc7 Bh4 21.Bxd8 Bxg3 22.Bg5 Bd6
23.e4 dxe4 24.Nxe4 Bc7 25.Bc4 Nf8 26.Be7 Bf4 27.Nd6 Bxd6 28.Bxd6 Rad8 29.Be7 Ra8
30.Re5 Ne6 31.Bh4 Kf8 32.Kh2 Nc7 33.Bg3 Rad8 34.Re3 Nd5 35.Rxe8+ Kxe8 36.Re1+ Kf8
37.Bxd5 cxd5  1/2-1/2

[Event "DSV-Turnier"]
[Site "Potsdam"]
[Date "1985.??.??"]
[Round "8"]
[White "Gruenberg, Hans Ulrich"]
[Black "Stohl, Igor"]
[Result "1/2-1/2"]
[WhiteElo "2455"]
[BlackElo "2445"]

1.Nf3 Nf6 2.c4 e6 3.d4 b6 4.Nc3 Bb4 5.Qb3 Qe7 6.a3 Bxc3+ 7.Qxc3 Bb7 8.g3 O-O
9.Bg2 c5 10.dxc5 bxc5 11.O-O a5 12.Rd1 a4 13.Bg5 Rc8 14.Ne5 Bxg2 15.Kxg2 h6
16.Bxf6 Qxf6 17.Nxd7 Nxd7 18.Rxd7 Qxc3 19.bxc3 Rab8 20.Rad1 Rb3 21.Ra7 Rxa3
22.Rdd7 Rf8 23.Rdc7 Rxc3 24.Rxa4 Rc2 25.Rxc5 Rxe2 26.Rc7 g5 27.c5 Rc2 28.h4  1/2-1/2

[Event "DSV-Turnier"]
[Site "Potsdam"]
[Date "1985.??.??"]
[Round "9"]
[White "Boensch, Uwe"]
[Black "Gruenberg, Hans Ulrich"]
[Result "1/2-1/2"]
[WhiteElo "2445"]
[BlackElo "2455"]

1.d4 Nf6 2.Nf3 e6 3.c4 b6 4.Nc3 Bb4 5.Bd2 Bb7 6.e3 O-O 7.Bd3 d5 8.cxd5 exd5
9.Rc1 a6 10.Na4 Bd6 11.b4 Ne4 12.Qb3 Ra7 13.O-O Nd7 14.Rfd1 Qf6 15.Nc3 Qf5
16.Be1 Raa8 17.b5 a5 18.Ne2 Rfe8 19.Ng3 Qf6 20.Bc3 Nxc3 21.Rxc3 g6 22.Bb1 Qe7
23.Qc2 Rac8 24.a4 Nf6 25.Ba2 Bb4 26.Ne5 Bxc3 27.Qxc3 Nd7 28.Nc6 Qd6 29.f3 Bxc6
30.bxc6 Nf6 31.e4 dxe4 32.fxe4 Nxe4 33.Qf3 Nxg3 34.Bxf7+ Kg7 35.Bxe8 Rxe8
36.hxg3 Re7 37.Kh2 Rf7 38.Qe4 Re7 39.Qf3 Rf7 40.Qe4  1/2-1/2

[Event "DSV-Turnier"]
[Site "Potsdam"]
[Date "1985.??.??"]
[Round "10"]
[White "Chekhov, Valery A"]
[Black "Garcia Gonzales, Guillermo"]
[Result "1/2-1/2"]
[WhiteElo "2495"]
[BlackElo "2440"]

1.d4 Nf6 2.c4 e6 3.Nf3 b6 4.Nc3 Bb4 5.Qc2 Bb7 6.a3 Bxc3+ 7.Qxc3 d6 8.e3 Nbd7
9.b4 O-O 10.Bb2 a5 11.Be2 Ne4 12.Qb3 axb4 13.axb4 Rxa1+ 14.Bxa1 Ndf6 15.O-O Qd7
16.Bb2 Ra8 17.b5 Qd8 18.Qc2 Ra2 19.Ne1 Nd7 20.f3 Qg5 21.fxe4 Qxe3+ 22.Rf2 Bxe4
23.Qc3 Qxc3 24.Bxc3 Ra3 25.Bd2 e5 26.Bf3 Bxf3 27.Nxf3 f6 28.dxe5 dxe5 29.Bb4 Ra4
30.Rd2  1/2-1/2

[Event "Poznan"]
[Site "Poznan"]
[Date "1985.??.??"]
[Round "8"]
[White "Ksieski, Zbigniew"]
[Black "Enders, Peter"]
[Result "1-0"]
[WhiteElo "2380"]
[BlackElo "2365"]

1.d4 Nf6 2.Nf3 e6 3.c4 b6 4.Nc3 Bb7 5.a3 c5 6.d5 exd5 7.cxd5 d6 8.e4 Be7
9.Bb5+ Nfd7 10.O-O O-O 11.Re1 Bf6 12.Bf4 Ne5 13.Bxe5 Bxe5 14.Nxe5 dxe5 15.b4 cxb4
16.axb4 Qd6 17.Qb3 a6 18.Be2 Nd7 19.Bg4 Nf6 20.Bh3 Bc8 21.Bxc8 Rfxc8 22.Na4 Nd7
23.Rec1 b5 24.Nb2 Nb6 25.Nd3 Rc4 26.Nc5 a5 27.Rxc4 Nxc4 28.Nb7 Qc7 29.Nxa5 Nxa5
30.Qd3 Qd8 31.Qa3 f5 32.exf5 Qxd5 33.bxa5 Kf7 34.h3 Kf6 35.a6 Kxf5 36.Qe7 b4
37.Qxg7 b3 38.a7 Qb5 39.Qg4+  1-0

[Event "Bohemians"]
[Site "Prague"]
[Date "1985.??.??"]
[Round "?"]
[White "Efimov, Igor"]
[Black "Mokry, Karel"]
[Result "1-0"]
[WhiteElo "2405"]
[BlackElo "2490"]

1.d4 Nf6 2.c4 e6 3.Nf3 b6 4.Nc3 Bb7 5.a3 d5 6.cxd5 Nxd5 7.Qc2 Be7 8.e4 Nxc3
9.bxc3 O-O 10.Bd3 c5 11.O-O cxd4 12.cxd4 Nc6 13.Bb2 Rc8 14.Qe2 Re8 15.Rad1 Na5
16.Ne5 f6 17.Ng4 Bf8 18.Ne3 Qe7 19.e5 fxe5 20.dxe5 Qh4 21.Bb5 Bc6 22.Bxc6 Rxc6
23.Rd7 Re7 24.Rd4 Qg5 25.f4 Qg6 26.f5 exf5 27.Nxf5 Rf7 28.Rdf4 Bc5+ 29.Kh1 Rd7
30.Bd4 Qe6 31.Bxc5 Rxc5 32.Qg4 Rc8 33.Nh6+ Qxh6 34.Qxd7  1-0

[Event "Bohemians"]
[Site "Prague"]
[Date "1985.??.??"]
[Round "?"]
[White "Efimov, Igor"]
[Black "Ambroz, Jan"]
[Result "0-1"]
[WhiteElo "2405"]
[BlackElo "2455"]

1.d4 Nf6 2.c4 e6 3.Nf3 b6 4.Nc3 Bb4 5.Qb3 Bxc3+ 6.Qxc3 Bb7 7.g3 O-O 8.Bg2 d6
9.O-O Nbd7 10.b3 a5 11.Rd1 Qe7 12.Ba3 c5 13.Bb2 Ne4 14.Qe3 f5 15.dxc5 Ndxc5
16.Nd4 e5 17.Nb5 f4 18.gxf4 exf4 19.Qd4 Rf6 20.f3 Rg6 21.Kf1 Qg5 22.Qg1 Bc8
23.Bd4 Qh5 24.Nc7 Ra7 25.Nd5 Rf7 26.fxe4 Bh3 27.Bxc5 Rxg2 28.Qxg2 bxc5  0-1

[Event "Prague zt"]
[Site "Prague"]
[Date "1985.??.??"]
[Round "9"]
[White "Ftacnik, Lubomir"]
[Black "Stempin, Pawel"]
[Result "1/2-1/2"]
[WhiteElo "2545"]
[BlackElo "2390"]

1.d4 Nf6 2.c4 e6 3.Nf3 b6 4.Nc3 Bb7 5.a3 d5 6.cxd5 Nxd5 7.Qc2 Be7 8.Bd2 Nd7
9.e4 N5f6 10.Bc4 c5 11.d5 exd5 12.exd5 a6 13.O-O O-O 14.Rad1 Qc7 15.Bg5 Rfe8
16.a4 Bd6 17.h3 h6 18.Bc1 Ne5 19.Nxe5 Bxe5 20.d6 Bxd6 21.Bxh6 Bh2+ 22.Kh1 Bf4
23.Bxf4 Qxf4 24.Qb3 Ng4 25.Bxf7+ Kf8 26.hxg4 Bxg2+ 27.Kxg2 Qxg4+ 28.Kh2 Qh4+
29.Kg2 Qg4+ 30.Kh2 Qh4+ 31.Kg2 Qg4+  1/2-1/2

[Event "Prague zt"]
[Site "Prague"]
[Date "1985.??.??"]
[Round "11"]
[White "Ftacnik, Lubomir"]
[Black "Gheorghiu, Florin"]
[Result "1/2-1/2"]
[WhiteElo "2545"]
[BlackElo "2530"]

1.d4 Nf6 2.c4 e6 3.Nf3 b6 4.Nc3 Bb7 5.a3 d5 6.cxd5 Nxd5 7.Qc2 Nd7 8.Nxd5 exd5
9.Bg5 Qc8 10.g3 Bd6 11.Bh3 O-O 12.O-O c5 13.Qf5 Nb8 14.Qxc8 Bxc8 15.Bxc8 Rxc8
16.dxc5 bxc5 17.Rfd1 d4 18.Rac1 Nc6 19.Bf4 Be7 20.e3 Rd8 21.Kf1 h6 22.exd4 Nxd4
23.Nxd4 cxd4 24.Ke2 Bf6 25.Kd3 a5 26.Rc4 g5 27.Bd2 Rdb8 28.b4 axb4 29.Bxb4 g4
30.Rdc1 Kg7 31.h3 h5 32.hxg4 hxg4 33.Re1 Rb5 34.Re4 Rg5 35.Rc5 Kg6 36.Rc6 Rf5
37.Rxd4 Rxf2 38.Rxg4+ Kf5 39.Ke3 Kxg4 40.Kxf2 Be5 41.Rc4+ Kf5 42.Kf3 Kg6
43.g4 Bb2 44.Rc2 Bxa3 45.Ra2 Bxb4 46.Rxa8 f5  1/2-1/2

[Event "Prague zt"]
[Site "Prague"]
[Date "1985.??.??"]
[Round "13"]
[White "Ftacnik, Lubomir"]
[Black "Mokry, Karel"]
[Result "1/2-1/2"]
[WhiteElo "2545"]
[BlackElo "2490"]

1.d4 Nf6 2.c4 e6 3.Nf3 b6 4.Nc3 Bb4 5.e3 Bb7 6.Bd3 O-O 7.O-O d5 8.a3 Bd6
9.cxd5 exd5 10.b4 a6 11.Qb3 Qe7 12.Bb2 Rc8 13.Rfe1 Ne4 14.Ne5 Nd7 15.Nxe4 Bxe5
16.Nc3 Bd6 17.e4 dxe4 18.Bxe4 Bxe4 19.Nxe4 Nf6 20.f3 Re8 21.d5 Nxe4 22.Rxe4 Qd7
23.Rg4 Be5 24.Re1 Rad8 25.Bxe5 Rxe5 26.Qc3 f6 27.h3  1/2-1/2

[Event "Reykjavik"]
[Site "Reykjavik"]
[Date "1985.??.??"]
[Round "2"]
[White "Thorsteins, Karl"]
[Black "Olafsson, Helgi"]
[Result "1/2-1/2"]
[WhiteElo "2400"]
[BlackElo "2515"]

1.d4 Nf6 2.c4 e6 3.Nf3 b6 4.Nc3 Bb7 5.a3 d5 6.cxd5 Nxd5 7.Qc2 c5 8.dxc5 Bxc5
9.Bg5 Qc8 10.e3 h6 11.Bh4 Nd7 12.Bd3 Be7 13.Bxe7 Kxe7 14.Be4 N7f6 15.Nxd5+ Bxd5
16.Qxc8 Raxc8 17.Bxd5 Nxd5 18.O-O Rc2 19.Rab1 Rhc8 20.Rfd1 a6 21.Kf1 b5 22.Nd4 R2c5
23.Rd2 g6 24.Ke2 Nb6 25.f4 g5 26.Nf3 R8c7 27.g3 gxf4 28.gxf4 Na4 29.Nd4 Rc1
30.Rd1 Rxd1 31.Kxd1 Rc5 32.Kd2 Rh5 33.Nf3 Kd6 34.Ke2 f6 35.e4 Rc5 36.Rd1+ Ke7
37.Rd2 Rc1 38.Nd4  1/2-1/2

[Event "Reykjavik"]
[Site "Reykjavik"]
[Date "1985.??.??"]
[Round "8"]
[White "Hansen, Curt"]
[Black "Sigurjonsson, Gudmundur"]
[Result "1-0"]
[WhiteElo "2505"]
[BlackElo "2485"]

1.d4 Nf6 2.c4 e6 3.Nf3 b6 4.Nc3 Bb4 5.e3 Bb7 6.Bd3 O-O 7.O-O d5 8.cxd5 exd5
9.a3 Bd6 10.b4 Re8 11.Qb3 a6 12.a4 Nc6 13.Ba3 a5 14.Bb5 axb4 15.Bxc6 Bxc6
16.Bxb4 Bxb4 17.Qxb4 Qe7 18.Qb3 Ra5 19.Ne5 Bb7 20.Rfc1 Rc8 21.h3 Nd7 22.Nd3 c6
23.Rab1 Rb8 24.Qd1 Ba6 25.Nb4 Bb7 26.Rc2 Qd6 27.Rcb2 h6 28.Qd2 Ba6 29.Qc2 Bb7
30.Nd3 Bc8 31.Ra2 Ba6 32.Nc1 Bc4 33.Nb3 Bxb3 34.Rxb3 Rba8 35.Rab2 R5a6 36.Rb1 g6
37.Rc1 Qe6 38.Ne2 Nb8 39.Nf4 Qd6 40.Nd3 Rxa4 41.Rxb6 Rc4 42.Qb2 Nd7 43.Rb4 Rxc1+
44.Qxc1 Ra5 45.Rb7 Ra8 46.Qc3 Rb8 47.Rxb8+ Nxb8 48.Qa5 f6 49.Nc5 g5 50.g4 Kf8
51.Qa7 Ke8 52.Qg7 Qe7 53.Qxh6 Nd7 54.Qh8+ Nf8 55.Kg2 Kf7 56.h4 gxh4 57.Kh3 Qd6
58.Qh5+ Kg7 59.Qe8 Kg8 60.f4 Kg7 61.Kxh4 Ng6+ 62.Kh3 Qe7 63.Ne6+ Kh6 64.Qg8  1-0

[Event "Sarajevo"]
[Site "Sarajevo"]
[Date "1985.??.??"]
[Round "3"]
[White "Chandler, Murray G"]
[Black "Popovic, Petar"]
[Result "1/2-1/2"]
[WhiteElo "2585"]
[BlackElo "2540"]

1.d4 Nf6 2.c4 e6 3.Nf3 b6 4.Nc3 Bb7 5.a3 d5 6.cxd5 exd5 7.g3 Be7 8.Bg2 O-O
9.O-O c5 10.Bf4 Na6 11.Qc2 Ne4 12.Nxe4 dxe4 13.Ne5 cxd4 14.Bxe4 Bxe4 15.Qxe4 Nc5
16.Qf3 Bf6 17.Rad1 Re8 18.Ng4 Ne6 19.Bc1 Bg5 20.h4 Bxc1 21.Rxc1 Qd7 22.Rfd1  1/2-1/2

[Event "Sochi"]
[Site "Sochi"]
[Date "1985.??.??"]
[Round "?"]
[White "Psakhis, Lev"]
[Black "Agzamov, Georgy"]
[Result "1/2-1/2"]
[WhiteElo "2555"]
[BlackElo "2590"]

1.d4 Nf6 2.c4 e6 3.Nf3 b6 4.Nc3 Bb4 5.Bg5 Bb7 6.e3 h6 7.Bh4 g5 8.Bg3 Ne4
9.Qc2 Bxc3+ 10.bxc3 d6 11.Bd3 f5 12.d5 Nc5 13.Nd4 Qf6 14.O-O Nba6 15.f4 gxf4
16.Nxe6 Nxd3 17.Qxd3 Bc8 18.Rxf4 Bxe6 19.dxe6 Qxe6 20.e4 Nc5 21.Qd4 O-O 22.exf5 Rxf5
23.Rxf5 Qxf5 24.Rf1 Qe4 25.Qd2 Re8 26.Re1 Qg6 27.Rxe8+ Qxe8 28.Qxh6 Qe2 29.Qg6+ Kf8
30.Qf6+ Ke8 31.h4 Ne4 32.Qe6+ Kd8 33.Kh2 Nxg3 34.Qg8+ Ke7 35.Qg7+ Ke8 36.Qg8+ Ke7
37.Kxg3 Qe1+ 38.Kg4 Qe2+ 39.Kh3 Qxa2 40.Qg7+ Ke6 41.h5 Qb1 42.h6 Qh1+ 43.Kg3 Qe1+
44.Kg4 Qe4+ 45.Kh3 Qf5+ 46.g4 Qf3+ 47.Kh4 Qf2+ 48.Kh5 Qh2+ 49.Kg5 Qd2+ 50.Kh5 Qh2+  1/2-1/2

[Event "Szirak"]
[Site "Szirak"]
[Date "1985.??.??"]
[Round "1"]
[White "Petran, Pal"]
[Black "Klinger, Josef"]
[Result "0-1"]
[WhiteElo "2440"]
[BlackElo "2460"]

1.d4 Nf6 2.c4 e6 3.Nf3 b6 4.Nc3 Bb7 5.a3 d5 6.cxd5 exd5 7.Bf4 Bd6 8.Bg3 Ne4
9.Qb3 O-O 10.e3 Nxc3 11.Qxc3 Nd7 12.b4 Nf6 13.Bd3 Ne4 14.Qc2 a5 15.b5 Qe7
16.Qb2 Rac8 17.Ne5 Rfe8 18.Bxe4 dxe4 19.Nc4 Bxg3 20.hxg3 Qe6 21.Rc1 c5 22.bxc6 Rxc6
23.Nd2 Rxc1+ 24.Qxc1 Rc8 25.Qb1 Ba6 26.Nxe4 Qc4 27.Qd1 Qa2  0-1

[Event "Szirak"]
[Site "Szirak"]
[Date "1985.??.??"]
[Round "2"]
[White "Tukmakov, Vladimir B"]
[Black "Petran, Pal"]
[Result "1-0"]
[WhiteElo "2565"]
[BlackElo "2440"]

1.d4 Nf6 2.c4 e6 3.Nf3 b6 4.Nc3 Bb7 5.Bg5 h6 6.Bh4 Bb4 7.e3 O-O 8.Bd3 Bxc3+
9.bxc3 d6 10.O-O Nbd7 11.Nd2 Re8 12.f4 c5 13.e4 cxd4 14.cxd4 Nf8 15.Qe2 Ng6
16.Bg3 b5 17.cxb5 d5 18.e5 Ne4 19.Nb3 Rc8 20.f5 exf5 21.Rxf5 Rc3 22.Raf1 Re7
23.Be1 Rxb3 24.axb3 Qb6 25.Bf2 Bc8 26.Rf3 Bg4 27.Bxe4 dxe4 28.Qxe4 Bxf3 29.gxf3 Qxb5
30.f4 Rc7 31.d5 Qxb3 32.e6 Qc2 33.exf7+ Kxf7 34.Qe6+ Kf8 35.d6 Nxf4 36.dxc7 Nxe6
37.Bc5+ Kg8 38.c8=Q+ Kh7 39.Qxe6  1-0

[Event "Trencianske Teplice"]
[Site "Trencianske Teplice"]
[Date "1985.??.??"]
[Round "2"]
[White "Pecorelli Garcia, Humberto"]
[Black "Knezevic, Milorad"]
[Result "1/2-1/2"]
[WhiteElo "2430"]
[BlackElo "2435"]

1.d4 Nf6 2.Nf3 e6 3.c4 b6 4.Nc3 Bb7 5.e3 d5 6.Bd3 Bd6 7.Qc2 O-O 8.cxd5 exd5
9.Nb5 Na6 10.a3 Be7 11.b4 c6 12.Nc3 Nc7 13.O-O a5 14.Rb1 axb4 15.axb4 Ne6
16.Bd2 Qc7 17.Rfc1 Rfc8 18.Ne5 c5 19.Nb5 Qd8 20.bxc5 bxc5 21.Qd1  1/2-1/2

[Event "Trencianske Teplice"]
[Site "Trencianske Teplice"]
[Date "1985.??.??"]
[Round "10"]
[White "Ftacnik, Lubomir"]
[Black "Ambroz, Jan"]
[Result "1-0"]
[WhiteElo "2500"]
[BlackElo "2450"]

1.d4 Nf6 2.c4 e6 3.Nf3 b6 4.Nc3 Bb4 5.Bg5 h6 6.Bh4 Bb7 7.e3 Bxc3+ 8.bxc3 d6
9.Nd2 Nbd7 10.f3 e5 11.Qa4 O-O 12.Bd3 Qe8 13.Bxf6 Nxf6 14.Qxe8 Raxe8 15.Kf2 e4
16.Bc2 Re7 17.Rhe1 Rd8 18.Rab1 Ba6 19.a4 Kf8 20.a5 Bb7 21.Ra1 Rb8 22.axb6 axb6
23.Ra7 Ke8 24.Rea1 Kd8 25.d5 c6 26.Nxe4 Nxe4+ 27.Bxe4 cxd5 28.cxd5 Rc7 29.R1a3 Rc5
30.g4 Kc7 31.h4 b5 32.R3a6 Rc4 33.Rc6+ Kd7 34.Bf5+ Ke8 35.Rb6 Rc7 36.Bd3 Kd8
37.Bxb5 Kc8 38.Raxb7  1-0

[Event "Vestmannaeyjum"]
[Site "Vestmannaeyjum"]
[Date "1985.??.??"]
[Round "9"]
[White "Lombardy, William James"]
[Black "Tisdall, Jonathan D"]
[Result "1/2-1/2"]
[WhiteElo "2500"]
[BlackElo "2420"]

1.d4 Nf6 2.c4 e6 3.Nf3 b6 4.Nc3 Bb7 5.Bg5 Be7 6.e3 O-O 7.Be2 d5 8.Bxf6 Bxf6
9.cxd5 exd5 10.Qd2 Qe7 11.O-O Nd7 12.Rab1 c6 13.b4 Rfd8 14.a4 Nf8 15.a5 Rab8
16.Na4 Ba8 17.Rfc1 Ne6 18.Bf1 g6 19.axb6 axb6 20.Rc2 Rd7 21.Ra2 Qd8 22.Rb3 Kg7
23.Rba3 Bb7 24.Nb2 c5 25.Ra7 c4 26.Na4 Bc6 27.Nc3 Rxa7 28.Rxa7 b5 29.g3 Qd6
30.Qb2 Nc7 31.Ne5 Rb7 32.Nxc6 Qxc6 33.Ra5 Qd6 34.Bg2 Be7 35.Na2 Rb6 36.Qa3 Ra6
37.Kf1 Rb6 38.Ke2  1/2-1/2

[Event "Hoogovens-B"]
[Site "Wijk aan Zee"]
[Date "1985.??.??"]
[Round "2"]
[White "Rogers, Ian"]
[Black "Grooten, Herman"]
[Result "1/2-1/2"]
[WhiteElo "2485"]
[BlackElo "2345"]

1.d4 Nf6 2.c4 e6 3.Nf3 b6 4.Nc3 Bb4 5.g3 Ba6 6.Qb3 c5 7.a3 Ba5 8.Bg2 Nc6
9.O-O Bxc3 10.Qxc3 O-O 11.dxc5 bxc5 12.b4 Bb7 13.bxc5 Qa5 14.Qe3 Ne7 15.Bd2 Qc7
16.Qf4 Qxf4 17.Bxf4 Rfc8 18.Rfd1 Nf5 19.Be5 Ng4 20.Bd6 Nxd6 21.cxd6 Rc5 22.Rab1 Be4
23.Nd2 Bxg2 24.Kxg2 Rc6 25.Nf3 Rxc4 26.Rb7 Nf6 27.Ne5 Ra4 28.Nxd7 Nxd7 29.Rxd7 Rxa3
30.Rc7 Rd8 31.Rdc1 Ra6 32.Rd7 Rf8 33.Rcc7 g5 34.Rxa7 Rxa7 35.Rxa7 Rd8 36.Ra6 Kg7
37.Kf3 f5 38.Ke3 Kf6 39.Kd4 Rb8 40.Ra2 Rb5 41.e4 fxe4 42.Kxe4 Re5+ 43.Kf3 Rd5
44.Ra6 h5 45.Ke4 Re5+ 46.Kd4 Rd5+ 47.Ke4 Re5+ 48.Kf3 Rf5+ 49.Kg2 Rd5 50.h3 Ke5
51.Kf3 Rd3+ 52.Ke2 Rxd6 53.f4+ gxf4 54.gxf4+ Kd5 55.Ra5+  1/2-1/2

[Event "Hoogovens-B"]
[Site "Wijk aan Zee"]
[Date "1985.??.??"]
[Round "11"]
[White "Barlov, Dragan"]
[Black "Grooten, Herman"]
[Result "1-0"]
[WhiteElo "2430"]
[BlackElo "2345"]

1.d4 Nf6 2.c4 e6 3.Nf3 b6 4.Nc3 Bb4 5.e3 Ne4 6.Bd2 Bxc3 7.Bxc3 Nxc3 8.bxc3 Bb7
9.Bd3 Qe7 10.c5 O-O 11.O-O d6 12.cxd6 cxd6 13.e4 e5 14.Nd2 Nc6 15.d5 Nb8
16.a4 Nd7 17.a5 Nc5 18.Nb3 f5 19.Nxc5 bxc5 20.a6 Bc8 21.exf5 e4 22.Re1 Bxf5
23.Qd2 Qh4 24.Bf1 Rae8 25.Re3 Re5 26.Rb1 Bc8 27.Rb8 Rh5 28.h3 Rhf5 29.g3 Qf6
30.Re2 Qf7 31.c4 Re5 32.Bg2 Bxa6 33.Rxf8+ Kxf8 34.Qa2 Bc8 35.Qa5 Qe7 36.Ra2 a6
37.Rb2 Kf7 38.Rb8 Qd7 39.Qb6 e3 40.fxe3 Rxe3 41.Ra8 Kf6 42.Rxc8 Rxg3 43.Rc7 Rb3
44.Qc6 Qxc6 45.dxc6  1-0

[Event "Albena"]
[Site "Albena"]
[Date "1986.??.??"]
[Round "?"]
[White "Kengis, Edvins"]
[Black "Danailov, Silvio"]
[Result "1-0"]
[WhiteElo "2485"]
[BlackElo "2400"]

1.d4 Nf6 2.Nf3 e6 3.c4 b6 4.Nc3 Bb7 5.a3 d5 6.cxd5 Nxd5 7.Qc2 Be7 8.e4 Nxc3
9.bxc3 O-O 10.Bd3 c5 11.O-O cxd4 12.cxd4 Qc8 13.Qe2 Ba6 14.Bb2 Bxd3 15.Qxd3 Qa6
16.Qd2 Nd7 17.Rfe1 Rfe8 18.d5 exd5 19.exd5 Bf6 20.d6 b5 21.Rad1 Bxb2 22.Qxb2 Nf6
23.Qb4 Qb7 24.Nd4 Qd7 25.Nf3 a5 26.Qb3 a4 27.Qb4 Ra6 28.Ne5 Qb7 29.d7 Rb8
30.Qe7  1-0

[Event "Albena"]
[Site "Albena"]
[Date "1986.??.??"]
[Round "?"]
[White "Kolev, Atanas"]
[Black "Kengis, Edvins"]
[Result "1/2-1/2"]
[WhiteElo "2350"]
[BlackElo "2485"]

1.d4 Nf6 2.c4 e6 3.Nf3 b6 4.Nc3 Bb7 5.a3 g6 6.d5 exd5 7.cxd5 Bg7 8.Bg5 h6
9.Bh4 O-O 10.e3 d6 11.Be2 Nbd7 12.Rc1 a6 13.O-O Qe8 14.Nd4 Rc8 15.Bg3 Nc5
16.b4 Nce4 17.Nxe4 Nxe4 18.Bg4 f5 19.Be2 Nxg3 20.hxg3 Bxd5 21.Bxa6 Qe4 22.Nf3 Ra8
23.Bd3 Qe7 24.a4 c5 25.bxc5 bxc5 26.Nd2 Bb7 27.Qc2 Kh8 28.Rfe1 Rac8 29.a5 c4
30.Be2 c3 31.Nf3 Be4 32.Bd3 d5 33.a6 Qa7 34.Red1 Rf6 35.Ra1 Rb6 36.Ra2 Rcb8
37.Nd4 Bxd4 38.exd4 Rxa6 39.Rxa6 Qxa6 40.Bxe4 fxe4 41.Qxc3 Rc8 42.Qe3 Kg7
43.Rb1 Qd6 44.Rb5 Rb8 45.Ra5 Rb1+ 46.Kh2 Rb7 47.Qf4 Qxf4 48.gxf4 Rb2 49.Kg3 Rb3+
50.f3 exf3 51.gxf3 Rd3 52.Rxd5 Kf6 53.Rd6+ Kf5 54.d5 Rd2 55.Rd8 Kf6 56.d6 Ke6
57.Re8+ Kf6 58.Rd8 Ke6  1/2-1/2

[Event "Berlin op"]
[Site "Berlin-West"]
[Date "1986.??.??"]
[Round "?"]
[White "Thesing, Matthias"]
[Black "Wiedenkeller, Michael"]
[Result "0-1"]
[WhiteElo "2290"]
[BlackElo "2460"]

1.d4 Nf6 2.Nf3 e6 3.c4 b6 4.Nc3 Bb7 5.Bg5 Be7 6.e3 Ne4 7.Bxe7 Qxe7 8.Nxe4 Bxe4
9.Nd2 Bb7 10.Be2 O-O 11.O-O d6 12.Bf3 c5 13.Bxb7 Qxb7 14.Qf3 Nc6 15.Rfd1 cxd4
16.exd4 d5 17.cxd5 Nxd4 18.Qe4 Qxd5 19.Qxd5 exd5 20.Nf1 Ne2+ 21.Kh1 Rac8
22.Rxd5 Rc2 23.Rd2 Rxd2 24.Nxd2 Rc8 25.Nb3 Rc2 26.Rb1 a5 27.Rd1 Kf8 28.Rd2 Rxd2
29.Nxd2 b5 30.a3 Nc1 31.Ne4 b4 32.axb4 axb4 33.Kg1 Ke7 34.Kf1 f5 35.Ng5 h6
36.Nf3 Kd6 37.Nd4 g6 38.Nf3 Ke6 39.Nh4 g5 40.Nf3 Kd5 41.h4 g4 42.Ne1 b3 43.g3 Ke4  0-1

[Event "JUG-ch"]
[Site "Budva"]
[Date "1986.??.??"]
[Round "?"]
[White "Gligoric, Svetozar"]
[Black "Popovic, Petar"]
[Result "1/2-1/2"]
[WhiteElo "2520"]
[BlackElo "2540"]

1.d4 Nf6 2.c4 e6 3.Nf3 b6 4.Nc3 Bb4 5.Bg5 Bb7 6.e3 h6 7.Bh4 g5 8.Bg3 Ne4
9.Qc2 Bxc3+ 10.bxc3 d6 11.Bd3 f5 12.d5 Nc5 13.h4 g4 14.Nd4 Qf6 15.O-O Nxd3
16.Qxd3 e5 17.Nxf5 Bc8 18.Nd4 exd4 19.cxd4 O-O 20.f3 Qg7 21.Kh2 Nd7 22.e4 Nf6
23.f4 Nxe4 24.Qxe4 Bf5 25.Qe3 Rfe8 26.Qd2 Re4 27.Rad1 Rae8 28.Rfe1 Qd7 29.Rxe4 Rxe4  1/2-1/2